Egy város gazdag szellemisége Judita Kaššovicová Somorjai versek című kötete szöveg, kép, és zene eggyüttes élményét nyújtja

Bibliographic Details
Main Author: Hizsnyai, Zoltán, 1959- (Author)
Format: Article
Language:Hungarian
Slovak
PhysicalDescription:Fotogr.
Subjects:

MARC

LEADER 00000nab a2200000 ar4500
001 vtls008622886
003 SK-MaSNL
005 20260318124746.0
008 060104c20060104xo |||||||| 000 b|hun
015 |a SNBRB2006/01  |2 snkbucl 
038 |a SNKBUCL 
040 |a DSZK  |b slo  |c DSZK  |e AACR2 
041 0 |a slo 
044 |a xo  |c SK 
080 |a 82:929:821.162.4  |x (048)  |2 UDC-MRF-SK2 
080 |a 821.162.4:929  |x (048)  |2 UDC-MRF-SK2 
080 |a 82.033:821.162.4-1  |x (048)  |2 UDC-MRF-SK2 
080 |a 821.162.4-1.033  |2 UDC-MRF-SK2 
100 1 |a Hizsnyai, Zoltán,  |d 1959-  |4 aut  |9 239540 
245 1 0 |a Egy város gazdag szellemisége  |b Judita Kaššovicová Somorjai versek című kötete szöveg, kép, és zene eggyüttes élményét nyújtja  |c Hizsnyai Zoltán 
300 |b Fotogr. 
600 1 7 |a Kaššovicová, Judita,  |d 1959-  |t Šamorínske verše - Somorjai versek  |2 snkbucl  |9 83925 
655 7 |a analýzy  |2 snkbucl  |9 22242 
773 0 |t Új szó  |g Évf. 59, sz. 3 (4.1.2006), o. 8 
852 |a SNK  |b KIS3GCP 
852 |a DSZK  |b KIS3GCP 
958 |a HU 
958 |a SK 
958 |a LX 
999 |c 2246477  |d 2248407